Completa il proverbio - Statistics

Statistiche generali
  • Questo quiz è stato fatto 116 volte
  • Il punteggio medio è 14 su 15
Statistiche sulle risposte
Proverbio Risposta % Corretto
Ride bene chi ride ___ ultimo
100%
Chi dorme non piglia ___ pesci
99%
Rosso di sera bel ___ si spera tempo
99%
L'erba del vicino è sempre più ____ verde
99%
Non è tutto oro quello che ___ luccica
98%
Il ___ perde il pelo ma non il vizio lupo
98%
Can che abbaia non ___ morde
98%
A caval ___ non si guarda in bocca donato
95%
Fra i due ___ il terzo gode litiganti
94%
A buon intenditore poche ___ parole
94%
Il ___ si vede dal mattino buongiorno
93%
Tanto va la gatta al ___ che ci lascia lo zampino lardo
82%
L'erba ___ non cresce neanche nel giardino del re voglio
82%
Menar il ___ per l'aia can
80%
La gatta frettolosa fa i gattini ___ ciechi
69%
Nessun quiz corrispondente trovato
Distribuzione punteggi
Percentuale di utenti per punteggio
Percentile per numero di risposta
I tuoi punteggi nel tempo
Non hai fatto questo quiz